[Event "Sparkassen-Open B"]
[Site "Heusenstamm, Martinsee"]
[Date "2019.11.22"]
[Round "2.38"]
[White "Firinci, Erdem"]
[Black "Häfner, Günther"]
[Result "1-0"]
[WhiteElo "1613"]
[BlackElo "1323"]
[PlyCount "95"]
[EventDate "2019.??.??"]
[WhiteTeam "SF Heusenstamm"]
[BlackTeam "Berkershm"]

1. e4 d5 2. exd5 Qxd5 3. Nc3 Qa5 4. d4 c6 5. Nf3 Bg4 6. Be2 Nd7 7. O-O e6 8. h3
Bf5 9. Bd2 Qc7 10. Re1 Bd6 11. Bd3 Bxd3 12. cxd3 Ngf6 13. Ne4 Nxe4 14. dxe4 Be7
15. Rc1 Qb6 16. b3 O-O 17. Be3 Qa5 18. Rc2 Nf6 19. Bd2 Qb5 20. Bc3 Bb4 21. Bxb4
Qxb4 22. Rc4 Qb5 23. Qc2 Qh5 24. Rc5 Qh6 25. Rg5 g6 26. Qd2 Nd7 27. e5 f6 28.
exf6 Rxf6 29. Qd3 Raf8 30. Rg3 R8f7 31. Qc4 Qf8 32. Rxe6 Kg7 33. Rxf6 Rxf6 34.
Rg4 h5 35. Re4 Qf7 36. Qe2 Kh6 37. Re7 Qd5 38. Qe3+ g5 39. h4 Kg6 40. hxg5 Rf7
41. Re6+ Kg7 42. Nh4 Nf8 43. Re7 Ng6 44. Nxg6 Kxg6 45. Re6+ Kg7 46. g6 Rf6 47.
Re7+ Kxg6 48. Qg3+ 1-0

[Event "Sparkassen-Open B"]
[Site "Heusenstamm, Martinsee"]
[Date "2019.11.22"]
[Round "2.39"]
[White "Ramien, Hannah"]
[Black "Trenz, Finn"]
[Result "1/2-1/2"]
[WhiteElo "1429"]
[BlackElo "1358"]
[PlyCount "94"]
[EventDate "2019.??.??"]
[WhiteTeam "SG Porz"]
[BlackTeam "SK Gau-Algesheim"]

1. e4 e5 2. Nf3 Nc6 3. Bc4 Bc5 4. c3 Nf6 5. d3 d6 6. Nbd2 O-O 7. Nf1 Ne7 8. Ng3
Ng6 9. O-O Bg4 10. h3 Be6 11. Bb3 c6 12. Ng5 d5 13. exd5 Bxd5 14. N5e4 Nxe4 15.
Nxe4 Bxe4 16. dxe4 Qxd1 17. Rxd1 Rfd8 18. Bg5 Be7 19. Rxd8+ Rxd8 20. Be3 b6 21.
Rd1 Rxd1+ 22. Bxd1 c5 23. Kf1 f6 24. Bh5 Nf8 25. Ke2 g6 26. Bg4 h5 27. Bc8 Kf7
28. Ba6 g5 29. Kd3 Ke8 30. a3 Kd7 31. b4 Kc6 32. Kc4 Ne6 33. Bc8 Nc7 34. a4
cxb4 35. cxb4 b5+ 36. axb5+ Nxb5 37. Ba6 Nd6+ 38. Kd3 Nb5 39. f3 Nc7 40. Bc8
Bxb4 41. Bxa7 Bc5 42. Bxc5 Kxc5 43. Bf5 h4 44. Kc3 Nb5+ 45. Kd3 Nd4 46. Bg6 Kb4
47. Ke3 Kc3 1/2-1/2

[Event "Sparkassen-Open B"]
[Site "Heusenstamm, Martinsee"]
[Date "2019.11.22"]
[Round "2.40"]
[White "Alt, Johannes"]
[Black "Welther, Patrick"]
[Result "1/2-1/2"]
[WhiteElo "1200"]
[BlackElo "1586"]
[PlyCount "31"]
[EventDate "2019.??.??"]
[WhiteTeam "SF Heidesheim"]
[BlackTeam "SC Gelnhausen"]

1. d4 Nf6 2. c4 e5 3. dxe5 Ng4 4. e4 Nxe5 5. Nf3 Bb4+ 6. Nbd2 Qf6 7. Be2 Nbc6
8. a3 Bxd2+ 9. Qxd2 d6 10. Qf4 Qxf4 11. Bxf4 Be6 12. Nxe5 Nxe5 13. b3 f6 14.
Be3 a5 15. f4 Nc6 16. O-O 1/2-1/2

[Event "Sparkassen-Open B"]
[Site "Heusenstamm, Martinsee"]
[Date "2019.11.22"]
[Round "2.41"]
[White "Laux, Filip"]
[Black "Mensendiek, Theodor"]
[Result "0-1"]
[WhiteElo "1129"]
[BlackElo "1577"]
[PlyCount "56"]
[EventDate "2019.??.??"]
[WhiteTeam "VSG Offenbach"]
[BlackTeam "SF Heusenstamm"]

1. e4 e5 2. Nf3 Nc6 3. Bc4 d6 4. c3 Nf6 5. d3 Be7 6. O-O Na5 7. Bb3 Nxb3 8.
axb3 O-O 9. Nbd2 a5 10. Re1 c5 11. b4 cxb4 12. cxb4 Qb6 13. bxa5 Rxa5 14. Nc4
Qa6 15. Rxa5 Qc6 16. Ne3 Bd8 17. Ra3 Be6 18. Nh4 Nxe4 19. dxe4 Bxh4 20. Rc3
Qxe4 21. Qxd6 Rd8 22. Qa3 f5 23. g3 Bd5 24. Nxd5 Qxe1+ 25. Kg2 Qe4+ 26. Rf3
Rxd5 27. gxh4 Qg4+ 28. Kh1 Rd1# 0-1

[Event "Sparkassen-Open B"]
[Site "Heusenstamm, Martinsee"]
[Date "2019.11.22"]
[Round "2.43"]
[White "Reinhold, Günther"]
[Black "Ziegler, Christopher"]
[Result "0-1"]
[WhiteElo "1785"]
[BlackElo "1408"]
[PlyCount "44"]
[EventDate "2019.??.??"]
[WhiteTeam "Frankfurter TV"]
[BlackTeam "SV Kelsterbach"]

1. e4 e5 2. Nf3 Nc6 3. Bc4 Bc5 4. c3 Nf6 5. d3 d6 6. O-O Bg4 7. Nbd2 Qd7 8. Re1
O-O-O 9. b4 Bb6 10. Qb3 d5 11. exd5 Nxd5 12. a4 Nf4 13. Nxe5 Nxe5 14. Rxe5 Nxd3
15. Bxd3 Qxd3 16. a5 Bxf2+ 17. Kxf2 Rhe8 18. Nc4 Rxe5 19. Nxe5 Qe2+ 20. Kg3 Be6
21. c4 Qxe5+ 22. Bf4 Qxa1 0-1

[Event "Sparkassen-Open B"]
[Site "Heusenstamm, Martinsee"]
[Date "2019.11.22"]
[Round "2.44"]
[White "Follert, Christian"]
[Black "Meyer, Marcel"]
[Result "0-1"]
[WhiteElo "1392"]
[BlackElo "1777"]
[PlyCount "78"]
[EventDate "2019.??.??"]
[WhiteTeam "SF Seligenstadt"]
[BlackTeam "SC Herborn"]

1. d4 d5 2. Bf4 Nf6 3. e3 c5 4. c3 Qb6 5. Qb3 c4 6. Qc2 Nc6 7. Bg3 Bf5 8. Qc1
e6 9. Nd2 Qd8 10. Ngf3 h6 11. Be2 Be7 12. O-O Nh5 13. Ne5 Nxg3 14. fxg3 Nxe5
15. dxe5 Qb6 16. Nf3 Bc5 17. Nd4 Bg6 18. Kh1 Qc7 19. b3 O-O 20. bxc4 dxc4 21.
Bxc4 Qxe5 22. Qd2 Rfd8 23. Rfe1 Qg5 24. Qf2 Qe7 25. Rf1 Rac8 26. Rac1 Ba3 27.
Bb3 Bxc1 28. Rxc1 a6 29. Rf1 Rxc3 30. Qd2 Rxb3 31. axb3 e5 32. Qf2 exd4 33.
exd4 Qe4 34. Rd1 Qc2 35. Rf1 Qxb3 36. Qf3 Qxf3 37. gxf3 a5 38. Kg2 a4 39. Kf2
a3 0-1

[Event "Sparkassen-Open B"]
[Site "Heusenstamm, Martinsee"]
[Date "2019.11.22"]
[Round "2.45"]
[White "Eremenko, Christian"]
[Black "Bondarevsky, David"]
[Result "1-0"]
[WhiteElo "1768"]
[BlackElo "1403"]
[PlyCount "55"]
[EventDate "2019.??.??"]
[WhiteTeam "SV Großauheim"]
[BlackTeam "TuS Makkabi"]

1. e4 e5 2. Bc4 Nf6 3. Nf3 Bc5 4. Nxe5 O-O 5. O-O d6 6. Nd3 Nxe4 7. Nxc5 Nxc5
8. d4 Ne6 9. d5 Nc5 10. b4 Nca6 11. a3 c6 12. dxc6 bxc6 13. Bb2 Qh4 14. Bb3 d5
15. Nd2 Bb7 16. Nf3 Qh5 17. Re1 Nd7 18. Re7 Rad8 19. Qd4 Qg6 20. Qxa7 Bc8 21.
Rae1 Nf6 22. Ne5 Qg5 23. Rxf7 Bh3 24. g3 Qd2 25. Rxg7+ Kh8 26. Rxh7+ Nxh7 27.
Ng6+ Kg8 28. Qg7# 1-0

[Event "Sparkassen-Open B"]
[Site "Heusenstamm, Martinsee"]
[Date "2019.11.22"]
[Round "2.46"]
[White "Heller, Holger"]
[Black "Andrianarison, Ny Koloina"]
[Result "1-0"]
[WhiteElo "1722"]
[BlackElo "1398"]
[PlyCount "109"]
[EventDate "2019.??.??"]
[WhiteTeam "TuS Dotzheim"]
[BlackTeam "ESV Gera"]

1. d4 d5 2. c4 e5 3. dxe5 d4 4. e4 Nc6 5. Nf3 Bg4 6. Be2 Bxf3 7. Bxf3 Nxe5 8.
Nd2 Nf6 9. O-O Be7 10. b3 O-O 11. Bb2 c5 12. Be2 Bd6 13. f4 Ng6 14. e5 Nxe5 15.
fxe5 Bxe5 16. Bd3 Qd6 17. Nf3 Ng4 18. Nxe5 Nxe5 19. Bc1 Nxd3 20. Qxd3 Rad8 21.
Bf4 Qg6 22. Rad1 Qxd3 23. Rxd3 Rfe8 24. Bd2 Rd6 25. Re1 Rde6 26. Rxe6 fxe6 27.
Kf2 e5 28. Rh3 e4 29. Ke2 Re6 30. Rh5 b6 31. Bf4 g6 32. Re5 Kf7 33. Rxe6 Kxe6
34. Bb8 a6 35. Ba7 d3+ 36. Kd2 Ke5 37. Bb8+ Kd4 38. Bf4 b5 39. cxb5 axb5 40. a4
bxa4 41. Be3+ Kd5 42. bxa4 c4 43. Kc3 h5 44. h4 Ke5 45. Kxc4 Kf5 46. a5 Kg4 47.
a6 Kxh4 48. a7 Kg3 49. a8=Q Kxg2 50. Qxe4+ Kh3 51. Kxd3 h4 52. Qxg6 Kh2 53. Bf2
Kh3 54. Bxh4 Kxh4 55. Ke3 1-0

[Event "Sparkassen-Open B"]
[Site "Heusenstamm, Martinsee"]
[Date "2019.11.22"]
[Round "2.47"]
[White "Dixon, Laura Michaela"]
[Black "Chambers, Dominik Keith"]
[Result "1/2-1/2"]
[WhiteElo "1272"]
[BlackElo "1684"]
[PlyCount "63"]
[EventDate "2019.??.??"]
[WhiteTeam "VSG Offenbach"]
[BlackTeam "SC Lorsch"]

1. e4 d5 2. exd5 Qxd5 3. Nc3 Qd6 4. d4 Nf6 5. g3 Bg4 6. f3 Bh5 7. Bf4 Qd8 8.
Nb5 Nd5 9. Qd2 c6 10. Nc3 Nxf4 11. Qxf4 e6 12. a3 Bd6 13. Qe3 O-O 14. O-O-O Be7
15. h4 h6 16. Kb1 Qc7 17. g4 Bg6 18. f4 c5 19. d5 c4 20. Qd4 Na6 21. Qxc4 Qxc4
22. Bxc4 exd5 23. Bxd5 Rad8 24. Nf3 b6 25. h5 Bh7 26. g5 Bf5 27. Rdg1 Bc5 28.
Rg2 Nc7 29. Bc4 Kh8 30. Nh4 Bc8 31. Rg3 Bb7 32. Rh2 1/2-1/2

[Event "Sparkassen-Open B"]
[Site "Heusenstamm, Martinsee"]
[Date "2019.11.22"]
[Round "2.48"]
[White "Klein, Simon"]
[Black "Friedel, Thomas"]
[Result "0-1"]
[WhiteElo "1371"]
[BlackElo "1631"]
[PlyCount "106"]
[EventDate "2019.??.??"]
[WhiteTeam "SK Hungen"]
[BlackTeam "SV Groß-Gerau"]

1. d4 d5 2. Bf4 Nf6 3. e3 Bf5 4. c4 c6 5. Qb3 Qb6 6. c5 Qxb3 7. axb3 Nh5 8. Bc7
Nd7 9. Nc3 e5 10. Bxe5 Nxe5 11. dxe5 Bxc5 12. Nf3 g6 13. Nd4 Bd7 14. Bd3 O-O
15. Nc2 Rfe8 16. b4 Bf8 17. f4 Ng7 18. b5 Ne6 19. bxc6 Bxc6 20. b4 d4 21. exd4
Bxg2 22. Rg1 Nxf4 23. Be4 Bxe4 24. Nxe4 Nd3+ 25. Kd2 Nxb4 26. Nf6+ Kg7 27.
Nxe8+ Rxe8 28. Rxa7 Rd8 29. Rd1 Nc6 30. Rxb7 Nxe5 31. Kc3 Rc8+ 32. Kb3 Nc6 33.
Kb2 Kg8 34. d5 Bg7+ 35. Kb1 Rd8 36. d6 Be5 37. Rc7 Rb8+ 38. Kc1 Bf4+ 39. Rd2
Bxd2+ 40. Kxd2 Nd8 41. Re7 Nc6 42. Rc7 Nd8 43. Re7 Kf8 44. h4 Ne6 45. Ne3 Rd8
46. Nc4 Rxd6+ 47. Nxd6 Kxe7 48. Ne4 f5 49. Ng5 Nxg5 50. hxg5 Ke6 51. Ke3 Ke5
52. Kf3 f4 53. Kg4 Ke4 0-1

[Event "Sparkassen-Open B"]
[Site "Heusenstamm, Martinsee"]
[Date "2019.11.22"]
[Round "2.49"]
[White "Gräf, Jakob Vincent"]
[Black "Papadopoulos, Leon"]
[Result "1-0"]
[WhiteElo "1609"]
[BlackElo "1388"]
[PlyCount "95"]
[EventDate "2019.??.??"]
[WhiteTeam "SV Frankfurt Nord"]
[BlackTeam "SV Oberursel"]

1. e4 e5 2. Nf3 Nc6 3. Bc4 Bc5 4. Nc3 Nf6 5. d3 d6 6. h3 Bb6 7. O-O Ne7 8. Qe2
Ng6 9. Bd2 O-O 10. Na4 Bd4 11. c3 Bd7 12. cxd4 Bxa4 13. Rac1 Bd7 14. dxe5 dxe5
15. Ng5 h6 16. Nxf7 Rxf7 17. Bxf7+ Kxf7 18. f4 Bb5 19. Rc3 Qd6 20. f5 Ne7 21.
Rf3 Rd8 22. Qd1 Qa6 23. Qb3+ Ke8 24. Be1 Nc6 25. Qe6+ Kf8 26. Rxc6 Qxc6 27.
Bb4+ Rd6 28. Bxd6+ cxd6 29. Qb3 Qc1+ 30. Kh2 Qc6 31. Qd1 d5 32. exd5 Qxd5 33.
Qd2 a6 34. a4 Bc6 35. Qc3 Qd6 36. Re3 e4+ 37. g3 Nd5 38. Qd4 Qb4 39. Qxb4+ Nxb4
40. dxe4 Bxa4 41. g4 Bc2 42. Rc3 a5 43. Rc8+ Kf7 44. e5 g6 45. Rc7+ Kf8 46. f6
Nc6 47. e6 Bb3 48. Rc8+ 1-0

[Event "Sparkassen-Open B"]
[Site "Heusenstamm, Martinsee"]
[Date "2019.11.22"]
[Round "2.50"]
[White "Bauer, Laura Sophie"]
[Black "Leichum, Engelbert"]
[Result "0-1"]
[WhiteElo "1356"]
[BlackElo "1587"]
[PlyCount "146"]
[EventDate "2019.??.??"]
[WhiteTeam "SK Neumarkt"]
[BlackTeam "vereinslos"]

1. e4 d5 2. f3 Nf6 3. d4 dxe4 4. Nc3 exf3 5. Nxf3 e6 6. a3 Nbd7 7. Bd3 b6 8.
O-O Bb7 9. Bf4 Nh5 10. Qd2 Nxf4 11. Qxf4 Bd6 12. Qg4 Nf6 13. Qg5 O-O 14. Rf2
Be7 15. Qh4 Ne4 16. Qh3 f5 17. Re2 Rf6 18. g3 Rh6 19. Qf1 Nxc3 20. bxc3 Bd6 21.
Bc4 Qd7 22. Rxe6 Rxe6 23. Ng5 Kh8 24. Bxe6 Qe7 25. Qxf5 g6 26. Nf7+ Kg7 27. Qh3
h5 28. Re1 Rf8 29. Qf1 Rxf7 30. Bxf7 Qxf7 31. Qxf7+ Kxf7 32. Ra1 Be4 33. Ra2
Ke6 34. Kf2 Kd5 35. Ke3 Bf5 36. Kd2 a5 37. a4 h4 38. gxh4 Bxh2 39. Ke3 Kc4 40.
Rb2 Kxc3 41. Rb5 Bg1+ 42. Kf4 Bxd4 43. h5 Bxc2 44. h6 c6 45. Rg5 Bf5 46. Rg3+
Kb4 47. h7 Kc5 48. Re3 Kd6 49. Re8 Kc5 50. h8=Q Bxh8 51. Rxh8 b5 52. axb5 cxb5
53. Ra8 a4 54. Ke3 Kc4 55. Kd2 Kb3 56. Rb8 b4 57. Kc1 a3 58. Ra8 a2 59. Ra7 g5
60. Ra6 g4 61. Ra7 g3 62. Kd2 g2 63. Rg7 a1=Q 64. Rg3+ Ka4 65. Ke3 Qc3+ 66. Kf4
Qxg3+ 67. Kxg3 g1=Q+ 68. Kf4 Bh7 69. Ke5 b3 70. Kd5 b2 71. Ke5 Qe1+ 72. Kf4
b1=Q 73. Kf3 Qbe4# 0-1

[Event "Sparkassen-Open B"]
[Site "Heusenstamm, Martinsee"]
[Date "2019.11.22"]
[Round "2.51"]
[White "von Beckh, Frieda"]
[Black "Werner, Florin"]
[Result "1-0"]
[WhiteElo "1415"]
[BlackElo "1297"]
[PlyCount "103"]
[EventDate "2019.??.??"]
[WhiteTeam "SK Bad Homburg"]
[BlackTeam "VSG Offenbach"]

1. e4 e6 2. d4 d5 3. Nc3 Nf6 4. Bg5 h6 5. Bxf6 Qxf6 6. exd5 Bb4 7. Qd2 Bxc3 8.
Qxc3 exd5 9. Qxc7 Qe6+ 10. Qe5 Qxe5+ 11. dxe5 Nc6 12. O-O-O Be6 13. Nf3 O-O-O
14. Bb5 Kc7 15. Rhe1 Nb4 16. a3 Nc6 17. Nd4 Nxd4 18. Rxd4 a6 19. Ba4 b5 20. Bb3
Kc6 21. Red1 Rd7 22. h3 Rhd8 23. g4 g6 24. f4 a5 25. a4 b4 26. Kd2 Kc5 27. Ke3
Rf8 28. f5 gxf5 29. gxf5 Bxf5 30. Rxd5+ Rxd5 31. Rxd5+ Kb6 32. Rd6+ Kc5 33.
Rxh6 Re8 34. Kf4 Bg6 35. e6 Re7 36. exf7 Bxf7 37. Rh7 Bxb3 38. Rxe7 Bxa4 39. b3
Bb5 40. Re5+ Kc6 41. Rxb5 Kxb5 42. h4 a4 43. bxa4+ Kxa4 44. h5 Ka3 45. h6 Kb2
46. h7 Kxc2 47. h8=Q b3 48. Qc8+ Kb1 49. Ke3 b2 50. Kd2 Ka1 51. Qa8+ Kb1 52.
Kc3 1-0

[Event "Sparkassen-Open B"]
[Site "Heusenstamm, Martinsee"]
[Date "2019.11.22"]
[Round "2.52"]
[White "Wöhl, Torsten"]
[Black "Fischer, Juliane"]
[Result "1/2-1/2"]
[WhiteElo "1522"]
[BlackElo "1369"]
[PlyCount "58"]
[EventDate "2019.??.??"]
[WhiteTeam "SC Groß-Zimmern"]
[BlackTeam "SK Gernsheim"]

1. d4 d5 2. Bf4 Nf6 3. e3 e6 4. c3 c5 5. Nf3 Bd6 6. Bg3 Qc7 7. Ne5 Nbd7 8. Bb5
O-O 9. Nd2 Nxe5 10. dxe5 Bxe5 11. f4 Bd6 12. Bd3 e5 13. O-O Re8 14. Rc1 exf4
15. exf4 Bg4 16. Qa4 Be2 17. Bxe2 Rxe2 18. Rcd1 b6 19. Nf3 Re4 20. Qc2 Rae8 21.
Ng5 Re2 22. Qb1 h6 23. Nh3 Qe7 24. a3 Qe4 25. Qxe4 R8xe4 26. Bh4 Re6 27. Bxf6
Rxf6 28. Rxd5 Rg6 29. g3 Be7 1/2-1/2

[Event "Sparkassen-Open B"]
[Site "Heusenstamm, Martinsee"]
[Date "2019.11.22"]
[Round "2.53"]
[White "Mook, Karl-Jürgen"]
[Black "Fuchs, Henrik"]
[Result "0-1"]
[WhiteElo "1513"]
[BlackElo "1348"]
[PlyCount "112"]
[EventDate "2019.??.??"]
[WhiteTeam "SC Sulzbach"]
[BlackTeam "SC Bad Soden"]

1. Nf3 d5 2. d4 Nf6 3. c4 e6 4. e3 Bb4+ 5. Nbd2 c5 6. dxc5 Bxc5 7. Bd3 Nc6 8.
a3 O-O 9. O-O Re8 10. b4 Bb6 11. c5 Bc7 12. Bb2 b6 13. Bb5 Bd7 14. Bxc6 Bxc6
15. Nd4 Bb7 16. c6 Qd6 17. f4 Bxc6 18. Nxc6 Qxc6 19. Rc1 Qd6 20. Bxf6 gxf6 21.
Qg4+ Kh8 22. Qh4 Qe7 23. Rf3 f5 24. Qh5 Rg8 25. Rh3 f6 26. Nf3 Qg7 27. Rg3 Qe7
28. Rh3 Rg7 29. Nh4 Rag8 30. Qf3 Rg4 31. Qf2 d4 32. exd4 Bxf4 33. Re1 Qd6 34.
g3 Qd5 35. Ng2 Bg5 36. Ne3 Bxe3 37. Rxe3 Rxd4 38. Re1 Rd1 39. Rxd1 Qxd1+ 40.
Kg2 Rd8 41. Qg1 Rd2+ 42. Kh1 Qxg1+ 43. Kxg1 Ra2 44. g4 fxg4 45. Rd3 e5 46. h3
h5 47. hxg4 hxg4 48. Re3 Kg7 49. Kf1 Kg6 50. Rc3 Kf5 51. Kg1 e4 52. b5 Kf4 53.
Rb3 e3 54. Rb4+ Kf3 55. Rb3 Ra1+ 56. Kh2 g3+ 0-1

[Event "Sparkassen-Open B"]
[Site "Heusenstamm, Martinsee"]
[Date "2019.11.22"]
[Round "2.54"]
[White "Kehrein, Lothar"]
[Black "Moldenhauer, Lennart"]
[Result "0-1"]
[WhiteElo "981"]
[BlackElo "1511"]
[PlyCount "76"]
[EventDate "2019.??.??"]
[WhiteTeam "SK Gau-Algesheim"]
[BlackTeam "SV Oberursel"]

1. e4 g6 2. Nc3 Bg7 3. Nf3 d6 4. Bb5+ Nd7 5. d4 a6 6. Ba4 b5 7. Bb3 Ngf6 8. O-O
O-O 9. Be3 Bb7 10. Bd5 Bxd5 11. Nxd5 Nxe4 12. Nc3 Ndf6 13. Nxe4 Nxe4 14. Qd3
Nf6 15. h3 Rc8 16. c3 c5 17. dxc5 dxc5 18. Qxd8 Rfxd8 19. Rfe1 e6 20. Rac1 Nd5
21. Bd2 b4 22. g3 Rb8 23. Ne5 Rdc8 24. c4 Ne7 25. b3 a5 26. Be3 Bxe5 27. Red1
Nf5 28. Bf4 Bxf4 29. gxf4 Nd4 30. Kf1 a4 31. Rb1 axb3 32. axb3 Ra8 33. Rd3 Ra2
34. Kg2 Rca8 35. Re3 Ra1 36. Rb2 R8a2 37. Rxa2 Rxa2 38. Re5 Nxb3 0-1

[Event "Sparkassen-Open B"]
[Site "Heusenstamm, Martinsee"]
[Date "2019.11.22"]
[Round "2.55"]
[White "Hüttinger, Siegfried"]
[Black "Gärtner, Johannes"]
[Result "1-0"]
[WhiteElo "1510"]
[BlackElo "1344"]
[PlyCount "93"]
[EventDate "2019.??.??"]
[WhiteTeam "SC Königsspringer Alzenau"]
[BlackTeam "SF Heidesheim"]

1. c4 Nf6 2. Nc3 e5 3. g3 Bc5 4. Bg2 O-O 5. e3 Re8 6. Nge2 d6 7. Ne4 Nxe4 8.
Bxe4 f5 9. Bd5+ Kh8 10. d4 Bb4+ 11. Bd2 Bxd2+ 12. Qxd2 e4 13. c5 c6 14. Bc4
dxc5 15. dxc5 Qxd2+ 16. Kxd2 Rd8+ 17. Kc3 Nd7 18. b4 Ne5 19. Rhd1 Bd7 20. Rd6
Nxc4 21. Kxc4 Kg8 22. Nd4 Kf7 23. f3 exf3 24. Rf1 b5+ 25. Kc3 a5 26. Rxf3 g6
27. e4 axb4+ 28. Kb2 Ke7 29. exf5 Bxf5 30. Nxc6+ Ke8 31. Re3+ Kf8 32. Rxd8+
Rxd8 33. Nxd8 Kg7 34. c6 Kf6 35. c7 h5 36. Re6+ Bxe6 37. Nxe6 Kxe6 38. c8=Q+
Kd6 39. Kb3 g5 40. Kxb4 h4 41. gxh4 gxh4 42. Kxb5 h3 43. Qf5 Kc7 44. Qe6 Kb7
45. Qe7+ Ka8 46. Kb6 Kb8 47. Qe8# 1-0

[Event "Sparkassen-Open B"]
[Site "Heusenstamm, Martinsee"]
[Date "2019.11.22"]
[Round "2.56"]
[White "Özyar, Arin"]
[Black "Bosse, Christian"]
[Result "1/2-1/2"]
[WhiteElo "1345"]
[BlackElo "1507"]
[PlyCount "35"]
[EventDate "2019.??.??"]
[WhiteTeam "SC Bad Soden"]
[BlackTeam "SF Nordost Berlin"]

1. e4 Nf6 2. e5 Nd5 3. d4 d6 4. c4 Nb6 5. exd6 cxd6 6. Bf4 Nc6 7. Nf3 Bg4 8. d5
Nb8 9. Nbd2 g6 10. h3 Bxf3 11. Nxf3 Bg7 12. Qc2 O-O 13. Bd3 N8d7 14. O-O Nc5
15. Be2 Rc8 16. Rac1 Nca4 17. b3 Nc5 18. Rfe1 1/2-1/2

[Event "Sparkassen-Open B"]
[Site "Heusenstamm, Martinsee"]
[Date "2019.11.22"]
[Round "2.57"]
[White "Schwab, Tizian"]
[Black "Kuchta, Maksim"]
[Result "1-0"]
[WhiteElo "1495"]
[BlackElo "1308"]
[PlyCount "51"]
[EventDate "2019.??.??"]
[WhiteTeam "TV-Großostheim"]
[BlackTeam "SC Heusenstamm"]

1. e4 e6 2. d4 d5 3. e5 c5 4. c3 Nc6 5. Nf3 Qb6 6. a3 Nh6 7. b4 cxd4 8. cxd4
Nf5 9. Be3 Nxe3 10. fxe3 Bd7 11. Nc3 Rc8 12. Rc1 Be7 13. Na4 Qd8 14. Nc5 b6 15.
Nxd7 Qxd7 16. Bb5 Qb7 17. Qa4 Kd7 18. Ba6 Qb8 19. Bxc8+ Rxc8 20. O-O h6 21. Rc2
Qb7 22. Rfc1 b5 23. Qb3 f6 24. exf6 Bxf6 25. Qd3 a5 26. bxa5 1-0

[Event "Sparkassen-Open B"]
[Site "Heusenstamm, Martinsee"]
[Date "2019.11.22"]
[Round "2.58"]
[White "Scheerer, Julian"]
[Black "Deiringer, Julius"]
[Result "1-0"]
[WhiteElo "1483"]
[BlackElo "1181"]
[PlyCount "41"]
[EventDate "2019.??.??"]
[WhiteTeam "SV Ffm-Griesheim"]
[BlackTeam "SV Jedesheim"]

1. e4 e5 2. Nf3 Nf6 3. Nxe5 d6 4. Nf3 Nxe4 5. Qe2 Qe7 6. d3 Nf6 7. Nc3 Bg4 8.
Be3 Nc6 9. h3 Bh5 10. g4 Bg6 11. g5 Nd7 12. Nd5 Qd8 13. Nxc7+ Qxc7 14. Bb6+ Be7
15. Bxc7 Rc8 16. Bxd6 O-O 17. Bxe7 Rfe8 18. O-O-O Rxe7 19. Qd2 Bh5 20. Bg2 Rce8
21. Rde1 1-0

[Event "Sparkassen-Open B"]
[Site "Heusenstamm, Martinsee"]
[Date "2019.11.22"]
[Round "2.59"]
[White "Barth, Horst"]
[Black "Welker, Alexandra"]
[Result "1-0"]
[WhiteElo "1270"]
[BlackElo "1441"]
[PlyCount "65"]
[EventDate "2019.??.??"]
[WhiteTeam "SF Mainz"]
[BlackTeam "TuS Makkabi"]

1. c4 e5 2. Nc3 f5 3. e3 Nf6 4. d4 exd4 5. exd4 g6 6. Nf3 Bg7 7. Qe2+ Qe7 8.
Qxe7+ Kxe7 9. Bg5 c6 10. Be2 d6 11. O-O h6 12. Bd2 Ne4 13. Be3 Nxc3 14. bxc3
Be6 15. Rab1 b6 16. Bd2 Nd7 17. Rfe1 Nf6 18. Bd3 Kf7 19. Re2 Rhe8 20. Rbe1 Bd7
21. Bf4 d5 22. Ne5+ Kf8 23. Nxg6+ Kf7 24. Ne5+ Kf8 25. Nxd7+ Nxd7 26. Bxf5 Nf6
27. Bd7 Nxd7 28. Bd6+ Kf7 29. Re7+ Rxe7 30. Rxe7+ Kf6 31. Rxd7 dxc4 32. Be5+
Ke6 33. Rxg7 1-0

[Event "Sparkassen-Open B"]
[Site "Heusenstamm, Martinsee"]
[Date "2019.11.22"]
[Round "2.60"]
[White "Keck, Johannes"]
[Black "Bakó, Evelin"]
[Result "0-1"]
[WhiteElo "1263"]
[BlackElo "1240"]
[PlyCount "137"]
[EventDate "2019.??.??"]
[WhiteTeam "SC Erlangen"]
[BlackTeam "TSV Langenau"]

1. e4 e5 2. Bc4 Nf6 3. d3 c6 4. Nf3 d5 5. exd5 cxd5 6. Bb3 Nc6 7. O-O Bd6 8.
Bg5 Be6 9. Re1 O-O 10. Nc3 d4 11. Ne4 Bxb3 12. axb3 Be7 13. Bxf6 Bxf6 14. Qd2
Re8 15. Re2 Be7 16. Ra4 b5 17. Ra6 Nb4 18. Ra1 f6 19. Ng3 Qd7 20. Nh4 Rec8 21.
Rc1 Rc7 22. Nhf5 Bf8 23. f4 exf4 24. Qxf4 Rac8 25. Qg4 g6 26. h3 Nxd3 27. Rd1
Ne5 28. Rxe5 fxe5 29. Rf1 Qd5 30. Nh5 Qc6 31. Nf6+ Kh8 32. Nh4 Rg7 33. Qg5 Be7
34. Qxe5 Rf8 35. Nd5 Rxf1+ 36. Kxf1 Qd6 37. Qxd6 Bxd6 38. Ke2 Bg3 39. Nf3 Rd7
40. Nf6 Re7+ 41. Kd3 Kg7 42. Ne4 Bc7 43. Nxd4 Rd7 44. Ng5 Kf6 45. Nge6 Bb6 46.
g4 Rd6 47. Ke4 Rxe6+ 48. Nxe6 Kxe6 49. c4 bxc4 50. bxc4 Bc5 51. b3 g5 52. Kd3
Ke5 53. Ke2 Ke4 54. Ke1 Kf3 55. Kd2 Kg3 56. Kc3 a5 57. Kd3 Kxh3 58. Ke4 Kxg4
59. Kd5 Bb4 60. c5 Bxc5 61. Kxc5 h5 62. Kb5 h4 63. Kxa5 h3 64. b4 h2 65. b5
h1=Q 66. b6 Qd5+ 67. Ka6 Qc6 68. Ka7 Qxb6+ 69. Kxb6 0-1

[Event "Sparkassen-Open B"]
[Site "Heusenstamm, Martinsee"]
[Date "2019.11.22"]
[Round "2.61"]
[White "Bakó, Isabella"]
[Black "Kuran, Rainer"]
[Result "0-1"]
[WhiteElo "1177"]
[BlackElo "1464"]
[PlyCount "116"]
[EventDate "2019.??.??"]
[WhiteTeam "TSV Langenau"]
[BlackTeam "Karlsruher SF"]

1. e4 c6 2. d4 d5 3. Nc3 dxe4 4. Nxe4 Bf5 5. Bd3 e6 6. Nf3 Be7 7. Qe2 Nf6 8.
Nxf6+ Bxf6 9. Bxf5 Qa5+ 10. Nd2 Qxf5 11. Nc4 Be7 12. O-O O-O 13. Re1 Nd7 14. c3
Rfd8 15. Ne3 Qg6 16. Rd1 Nf6 17. c4 Rd7 18. b3 Rad8 19. Bb2 Bd6 20. d5 cxd5 21.
cxd5 Nxd5 22. Rac1 Nxe3 23. fxe3 Qg5 24. Rc4 Bxh2+ 25. Kxh2 Rxd1 26. Qf3 R1d2
27. Bc1 Qe5+ 28. Qf4 Qh5+ 29. Qh4 Qxh4+ 30. Rxh4 Rxa2 31. Rb4 b6 32. Rc4 h6 33.
Rc7 Rd3 34. b4 Rd1 35. Kg3 Rg1 36. Rc8+ Kh7 37. Rf8 Rxc1 38. Rxf7 Kg6 39. Re7
Kf6 40. Rd7 a5 41. b5 Rb1 42. Rb7 Rxb5 43. Kf3 a4 44. Ra7 a3 45. Ke4 Ra1 46.
Kd4 a2 47. Kc4 Ra5 48. Rxa5 bxa5 49. Kb3 Rb1+ 50. Kxa2 Rb4 51. Ka3 Ke5 52. g4
Ke4 53. g5 h5 54. g6 Kd3 55. e4 e5 56. Ka2 Kc3 57. Ka1 Kc2 58. Ka2 Ra4# 0-1

[Event "Sparkassen-Open B"]
[Site "Heusenstamm, Martinsee"]
[Date "2019.11.22"]
[Round "2.62"]
[White "Jelinek, Stefan"]
[Black "Tobias, Karolin"]
[Result "1-0"]
[WhiteElo "1457"]
[BlackElo "1261"]
[PlyCount "115"]
[EventDate "2019.??.??"]
[WhiteTeam "SC Kahl"]
[BlackTeam "SV Oberursel"]

1. d4 d5 2. Bf4 Nc6 3. e3 Bf5 4. Bb5 Nf6 5. Nf3 Bd7 6. Ba4 e6 7. Bb3 Be7 8. c4
O-O 9. a3 Na5 10. cxd5 exd5 11. Bc2 Re8 12. b3 b6 13. O-O Nb7 14. Nc3 c5 15.
Qd3 a6 16. Be5 g6 17. Rfd1 Bc6 18. Qe2 Bd6 19. Bxd6 Nxd6 20. Ne5 Bb7 21. Nf3
Bc8 22. dxc5 bxc5 23. Nxd5 Nxd5 24. Rxd5 Qb6 25. h4 h5 26. Rb1 Nb5 27. b4 Nc3
28. Qc4 Nxb1 29. Bxb1 Be6 30. Qxc5 Qb8 31. Rg5 Rc8 32. Be4 Rxc5 33. Rxc5 Ra7
34. Rg5 Rc7 35. g3 Qd8 36. Bxg6 fxg6 37. Rxg6+ Rg7 38. Rxe6 Qd1+ 39. Kg2 Qb3
40. Rxa6 Rc7 41. Ra5 Rc2 42. Nd4 Rxf2+ 43. Kxf2 Qf7+ 44. Rf5 Qa2+ 45. Kf3 Qxa3
46. b5 Qd3 47. b6 Qf1+ 48. Ke4 Qb1+ 49. Kf4 Qxb6 50. Rxh5 Qc7+ 51. Re5 Qf7+ 52.
Nf5 Qc4+ 53. e4 Qf1+ 54. Kg5 Qc1+ 55. Kf6 Qc6+ 56. Re6 Qd7 57. Re7 Qd8 58. h5
1-0

[Event "Sparkassen-Open B"]
[Site "Heusenstamm, Martinsee"]
[Date "2019.11.22"]
[Round "2.63"]
[White "Wohlgemuth, Wolfgang"]
[Black "Köpke, Carolina"]
[Result "0-1"]
[WhiteElo "1190"]
[BlackElo "1453"]
[PlyCount "64"]
[EventDate "2019.??.??"]
[WhiteTeam "TG Biberach"]
[BlackTeam "SV Oberursel"]

1. d4 d5 2. c4 e6 3. e3 Nf6 4. Nc3 Bd6 5. Bd3 O-O 6. Nf3 b6 7. a4 Bb7 8. b3 Na6
9. O-O Nb4 10. Ba3 a6 11. Bb1 Qe7 12. Re1 Rfd8 13. Ng5 h6 14. Nf3 c5 15. Bxb4
cxb4 16. Nd2 bxc3 17. Nf3 Bb4 18. Re2 dxc4 19. bxc4 Bxf3 20. gxf3 Rac8 21. Bd3
Qb7 22. Kg2 Nd7 23. Qc2 e5 24. Be4 Qc7 25. Bd5 Nf6 26. Qb3 Nxd5 27. cxd5 a5 28.
Rg1 exd4 29. exd4 Qc4 30. Qc2 Rxd5 31. Rge1 Rdd8 32. Re7 Bxe7 0-1